| 000 | 01085nam a22003617a 4500 | ||
|---|---|---|---|
| 001 | 0003055 | ||
| 003 | KOHA_MİRAKIL | ||
| 005 | 20260207001327.0 | ||
| 007 | ta | ||
| 008 | 090317b2003 tu |||gr||||#||||0|tur | | ||
| 020 | _a975591529X | ||
| 040 |
_aTR-BiSEU _btur _cTR-BiSEU _erda |
||
| 041 | 0 | _atur | |
| 044 | _ctu | ||
| 050 |
_aJF1352 _b.C34 2003 |
||
| 245 | 0 |
_aÇağdaş kamu yönetimi I : _bkonular, kuramlar, kavramlar/ _ceditör Muhittin Acar, Hüseyin Özgür. |
|
| 264 | 1 |
_aAnkara : _bNobel _c2003 |
|
| 300 | _a1 c.: tablo | ||
| 336 |
_ametin _btxt _2rdacontent |
||
| 337 |
_aaracısız _bn _2rdamedia |
||
| 338 |
_acilt _bnc _2rdacarrier |
||
| 490 | 1 |
_aNobel yayınları ; _vno. |
|
| 490 | 1 | _a549. | |
| 490 | 1 |
_aHukuk, işletme, iktisat ve iletişim yayınları dizisi ; _vno. |
|
| 490 | 1 | _a113. | |
| 500 | _aKaynakça var. | ||
| 650 | 0 |
_aKamu yönetimi. _94578 |
|
| 830 | 1 |
_aNobel yayınları ; _vno. _91490 |
|
| 830 | 1 |
_a549. _97844 |
|
| 830 | 1 |
_aHukuk, işletme, iktisat ve iletişim yayınları dizisi ; _vno. _97845 |
|
| 830 | 1 |
_a113. _97846 |
|
| 942 |
_2lcc _cBK |
||
| 999 |
_c3042 _d3042 |
||